000 00757nam a2200217 a 4500
005 20140412111317.0
008 010417s19uu xx 00 eng d
020 _a0-8114-6738-4
050 _aM 513.55
_bS748 1990
100 _aSpencer, Eve
245 _aAnimal babies: 1 2 3 /
_cby Eve Spencer ; illustrated by Susan David.
260 _aAustin, Tx :
_bSteck-Vaughn Company,
_c1990.
300 _a23p. ; ill.
440 _aReady-Set-Read
520 _aNumbers from one to ten are illustrated with different baby animals and informationn is provided about their traits and habits.
650 _aCounting-Juvenile literature
650 _aAnimals-Infancy-Juvenile literature
650 _aAnimals-Infancy
650 _aCounting
999 _c104262
_d104262